Motivace pracovníků - cesta k úspěchu
Teoretické východiská motivácie. Ciele motivácie pracovníkov. Výskum motivačných faktorov. Praktický príklad.
Enregistré dans:
| Auteur principal: | |
|---|---|
| Autres auteurs: | , |
| Format: | Chapitre de livre |
| Langue: | tchèque |
| Sujets: | |
| Tags: |
Pas de tags, Soyez le premier à ajouter un tag!
|
MARC
| LEADER | 00000naa$a2200000$$$4500 | ||
|---|---|---|---|
| 001 | 0041069 | ||
| 005 | 20231107105903.2 | ||
| 041 | 0 | |a cze | |
| 044 | |a CZ | ||
| 245 | 1 | 0 | |a Motivace pracovníků - cesta k úspěchu |c Michal Vaněk, Jana Magnusková, Martin Tykal |
| 520 | |a Teoretické východiská motivácie. Ciele motivácie pracovníkov. Výskum motivačných faktorov. Praktický príklad. | ||
| 610 | 2 | 0 | |a motivácia pracovná |
| 610 | 2 | 0 | |a definície |
| 610 | 2 | 0 | |a proces pracovný |
| 610 | 2 | 0 | |a faktory produktivity práce |
| 610 | 2 | 0 | |a výskum ekonomický |
| 610 | 2 | 0 | |a dotazníky |
| 610 | 2 | 0 | |a stimuly pracovné |
| 100 | 1 | |a Vaněk, Michal | |
| 700 | 1 | |a Magnusková, Jana | |
| 700 | 1 | |a Tykal, Martin | |